000
00247nam a22000977a 4500
008
160510b xxu||||| |||| 00| 0 eng d
041
_a
eng
080
_a
547
245
_a
General organic and biochemistry:
_c
Bettelheim; Brown; March;
942
_2
udc
_c
BK
999
_c
1949
_d
1949